<?xml version="1.0" encoding="UTF-8"?>
<record
    xmlns:xsi="http://www.w3.org/2001/XMLSchema-instance"
    xsi:schemaLocation="http://www.loc.gov/MARC21/slim http://www.loc.gov/standards/marcxml/schema/MARC21slim.xsd"
    xmlns="http://www.loc.gov/MARC21/slim">

  <leader>01080nam a2200229 a 4500</leader>
  <controlfield tag="001">79629</controlfield>
  <controlfield tag="003">BD-RjUL</controlfield>
  <controlfield tag="005">20220329110042.0</controlfield>
  <controlfield tag="008">220329s1915    ua            000 0 ara d</controlfield>
  <datafield tag="035" ind1=" " ind2=" ">
    <subfield code="a">(BD-RjUL)79629</subfield>
  </datafield>
  <datafield tag="040" ind1=" " ind2=" ">
    <subfield code="a">NNL</subfield>
    <subfield code="b">ara</subfield>
    <subfield code="c">BD-RjUL</subfield>
  </datafield>
  <datafield tag="041" ind1="0" ind2=" ">
    <subfield code="a">ara</subfield>
  </datafield>
  <datafield tag="082" ind1=" " ind2=" ">
    <subfield code="2">23</subfield>
    <subfield code="a">892.71</subfield>
    <subfield code="b">MAK 1915</subfield>
  </datafield>
  <datafield tag="100" ind1="0" ind2=" ">
    <subfield code="a">[Al-Maarri, Abu Al-Ala ]&#x627;&#x644;&#x645;&#x639;&#x631;&#x64A;&#x60C; &#x623;&#x628;&#x648; &#x627;&#x644;&#x639;&#x644;&#x627;&#x621;</subfield>
    <subfield code="d">973-1057</subfield>
    <subfield code="9">2111</subfield>
  </datafield>
  <datafield tag="245" ind1="1" ind2="5">
    <subfield code="a">&#x643;&#x62A;&#x627;&#x628; &#x634;&#x631;&#x62D; &#x627;&#x644;&#x62A;&#x646;&#x648;&#x64A;&#x631; &#x639;&#x644;&#x649; &#x633;&#x642;&#x637; &#x627;&#x644;&#x632;&#x646;&#x62F; /[Kit&#x101;b shar&#x1E25; al-tanw&#x12B;r &#x2BB;al&#xE1; Saq&#x1E6D; al-zand] /</subfield>
    <subfield code="c">&#x644;&#x627;&#x628;&#x649; &#x627;&#x644;&#x639;&#x644;&#x627;&#x621; &#x627;&#x644;&#x645;&#x639;&#x631;&#x64A;&#x60C;. .[&#x100;bi &#x101;la-&#x101;l&#x101;'&#x101;la-m&#x101;'&#x101;ri] </subfield>
  </datafield>
  <datafield tag="260" ind1=" " ind2=" ">
    <subfield code="a">&#x645;&#x635;&#x631; : [al-Q&#x101;hirah] :</subfield>
    <subfield code="b">&#x645;&#x637;&#x628;&#x639;&#x629; &#x627;&#x644;&#x645;&#x639;&#x627;&#x631;&#x641; &#x627;&#x644;&#x639;&#x644;&#x645;&#x64A;&#x629;&#x60C;[ Ma&#x1E6D;ba&#x2BB;at al-Ma&#x2BB;&#x101;rif al-I&#x2BB;l&#x101;m&#x12B;yah],</subfield>
    <subfield code="c">[1915&#x61F;].</subfield>
  </datafield>
  <datafield tag="300" ind1=" " ind2=" ">
    <subfield code="a">V. ;&#x627;&#x644;&#x62C;&#x632;&#x621; 1</subfield>
  </datafield>
  <datafield tag="500" ind1=" " ind2=" ">
    <subfield code="a">&#x62A;&#x633;&#x62C;&#x64A;&#x644; &#x641;&#x647;&#x631;&#x633;&#x64A; &#x645;&#x62E;&#x62A;&#x635;&#x631; &#x644;&#x627;&#x62C;&#x644; &#x645;&#x634;&#x631;&#x648;&#x639; &#x627;&#x644;&#x641;&#x647;&#x631;&#x633;&#x629; &#x627;&#x644;&#x639;&#x631;&#x628;&#x64A;&#x629; &#x641;&#x64A; &#x627;&#x644;&#x645;&#x643;&#x62A;&#x628;&#x629; &#x627;&#x644;&#x648;&#x637;&#x646;&#x64A;&#x629; &#x627;&#x644;&#x627;&#x633;&#x631;&#x627;&#x626;&#x64A;&#x644;&#x64A;&#x629;</subfield>
  </datafield>
  <datafield tag="500" ind1=" " ind2=" ">
    <subfield code="a">Brief cataloging record created for the Arabic Cataloging Project of the National Library of Israel.</subfield>
  </datafield>
  <datafield tag="505" ind1=" " ind2=" ">
    <subfield code="a">Vol. 1</subfield>
  </datafield>
  <datafield tag="942" ind1=" " ind2=" ">
    <subfield code="2">ddc</subfield>
    <subfield code="c">BK</subfield>
  </datafield>
  <datafield tag="999" ind1=" " ind2=" ">
    <subfield code="c">79629</subfield>
    <subfield code="d">79629</subfield>
  </datafield>
  <datafield tag="952" ind1=" " ind2=" ">
    <subfield code="0">0</subfield>
    <subfield code="1">0</subfield>
    <subfield code="2">ddc</subfield>
    <subfield code="4">0</subfield>
    <subfield code="7">1</subfield>
    <subfield code="8">NFIC</subfield>
    <subfield code="a">RUCL</subfield>
    <subfield code="b">RUCL</subfield>
    <subfield code="c">Reading</subfield>
    <subfield code="d">2022-03-29</subfield>
    <subfield code="l">0</subfield>
    <subfield code="o">A 892.71 MAK 1915</subfield>
    <subfield code="r">2022-03-29 00:00:00</subfield>
    <subfield code="t">C-1</subfield>
    <subfield code="w">2022-03-29</subfield>
    <subfield code="y">BK</subfield>
  </datafield>
</record>
